
Library Catalogue

| 000 -LEADER | |
|---|---|
| fixed length control field | 02648cam a2200409 i 4500 |
| 001 - CONTROL NUMBER | |
| control field | 18634847 |
| 003 - CONTROL NUMBER IDENTIFIER | |
| control field | OSt |
| 005 - DATE AND TIME OF LATEST TRANSACTION | |
| control field | 20201230124958.0 |
| 008 - FIXED-LENGTH DATA ELEMENTS--GENERAL INFORMATION | |
| fixed length control field | 150528s2014 ii bi 001 0 eng |
| 010 ## - LIBRARY OF CONGRESS CONTROL NUMBER | |
| LC control number | 2015410661 |
| 020 ## - INTERNATIONAL STANDARD BOOK NUMBER | |
| International Standard Book Number | 9780199453320 (pbk.) |
| 020 ## - INTERNATIONAL STANDARD BOOK NUMBER | |
| International Standard Book Number | 0199453322 (pbk.) |
| 040 ## - CATALOGING SOURCE | |
| Original cataloging agency | DLC |
| Language of cataloging | eng |
| Description conventions | rda |
| Transcribing agency | DLC |
| 042 ## - AUTHENTICATION CODE | |
| Authentication code | pcc |
| 043 ## - GEOGRAPHIC AREA CODE | |
| Geographic area code | a-ii--- |
| 050 00 - LIBRARY OF CONGRESS CALL NUMBER | |
| Classification number | GN635.I4 |
| Item number | S635 2014 |
| 082 ## - DEWEY DECIMAL CLASSIFICATION NUMBER | |
| Classification number | 306.30954 DAS |
| 245 00 - TITLE STATEMENT | |
| Title | Sociology and Anthropology of Economic life. : |
| Remainder of title | The Moral Embedding of Economic Action / |
| Statement of responsibility, etc. | edited by Veena Das, Ranendra K. Das. |
| 246 30 - VARYING FORM OF TITLE | |
| Title proper/short title | Moral embedding of economic action |
| 264 #1 - PRODUCTION, PUBLICATION, DISTRIBUTION, MANUFACTURE, AND COPYRIGHT NOTICE | |
| Place of production, publication, distribution, manufacture | New Delhi : |
| Name of producer, publisher, distributor, manufacturer | Oxford University Press, |
| Date of production, publication, distribution, manufacture, or copyright notice | 2014. |
| 300 ## - PHYSICAL DESCRIPTION | |
| Extent | viii, 304 pages ; |
| Dimensions | 22 cm. |
| 336 ## - CONTENT TYPE | |
| Content type term | text |
| Source | rdacontent |
| 337 ## - MEDIA TYPE | |
| Media type term | unmediated |
| Source | rdamedia |
| 338 ## - CARRIER TYPE | |
| Carrier type term | volume |
| Source | rdacarrier |
| 490 0# - SERIES STATEMENT | |
| Series statement | Oxford in India readings in sociology and social anthropology |
| 490 0# - SERIES STATEMENT | |
| Series statement | Oxford India paperbacks |
| 504 ## - BIBLIOGRAPHY, ETC. NOTE | |
| Bibliography, etc. note | Includes bibliographical references and indexes. |
| 505 ## - FORMATTED CONTENTS NOTE | |
| Formatted contents note | Table of Contents<br/>Acknowledgements <br/>1. Introduction (Veena Das and Ranendra K. Das)<br/>Section I - Reading the Ethnographic Record: Conceptual and Methodological Issues<br/>2. Class Structure in an Agrarian Society: The Case of the Jotedars (Andre Beteille)<br/>3. Misconceiving the Grain Heap: A Critique of the Concept of the Indian Jajmani System (C.J. Fuller)<br/>4. Knowing About Rural Economic Change: Problems Arising From a Comparison of the Results of 'Macro' and 'Micro' Research in Tamil Nadu (John Harris)<br/>Section II — Nature, Institutions and Environment<br/>5. 'Indigenous' Knowledges: Ecology (Akhil Gupta)<br/>6. The Local Politics of Groundwater in North Gujarat (Navroz K. Dubash)<br/>7. Perspectives on Commons' Encroachment (Rita Brara)<br/>BSection III — Sentiments, Values and Affects<br/>8. 'Let the Water for the Paddy Also Irrigate the Grass': On the Sympathetic Currents of the Aqueous Self (Anand Pandian)<br/>9. On the Moral Perils of Exchange (Johathan Parry)<br/>10. Women's Work: Quilt Making and Gift Giving (Deepak Mehta)<br/>11. On Living in the Kal(i)yug: Notes from Nagda, Madhya Pradesh (Christopher Pinney)<br/>Newcomers to the World of Goods: Consumption among the Muria Gonds (Alfred Gell)<br/>Notes on Contributors; Index<br/> |
| 650 #0 - SUBJECT ADDED ENTRY--TOPICAL TERM | |
| Topical term or geographic name entry element | Economic anthropology |
| Geographic subdivision | India. |
| 650 #0 - SUBJECT ADDED ENTRY--TOPICAL TERM | |
| Topical term or geographic name entry element | Resource-based communities |
| Geographic subdivision | India. |
| 650 #0 - SUBJECT ADDED ENTRY--TOPICAL TERM | |
| Topical term or geographic name entry element | Consumption (Economics) |
| General subdivision | Moral and ethical aspects |
| Geographic subdivision | India. |
| 700 1# - ADDED ENTRY--PERSONAL NAME | |
| Personal name | Das, Veena, |
| Relator term | editor. |
| 700 1# - ADDED ENTRY--PERSONAL NAME | |
| Personal name | Das, Ranendra K., |
| Relator term | editor. |
| 906 ## - LOCAL DATA ELEMENT F, LDF (RLIN) | |
| a | 7 |
| b | cbc |
| c | origres |
| d | 2 |
| e | ncip |
| f | 20 |
| g | y-gencatlg |
| 942 ## - ADDED ENTRY ELEMENTS (KOHA) | |
| Source of classification or shelving scheme | Dewey Decimal Classification |
| Koha item type | BOOKs |
| Withdrawn status | Lost status | Source of classification or shelving scheme | Materials specified (bound volume or other part) | Damaged status | Not for loan | Home library | Current library | Shelving location | Date acquired | Source of acquisition | Cost, normal purchase price | Total Checkouts | Full call number | Barcode | Date last seen | Price effective from | Koha item type |
|---|---|---|---|---|---|---|---|---|---|---|---|---|---|---|---|---|---|
| Dewey Decimal Classification | PB | NLS | NLS | Anthropology Section | 30/12/2018 | Purchased | 585.00 | 306.30954 DAS | 36173 | 30/12/2020 | 30/12/2020 | BOOKs |